000 00705nam a2200193Ii 4500
003 JO-AjNU
008 230605s9999||||xx |||||||||||||| ||und||
040 _aJO-AjNU
_bara
_erda
_cJO-AjNU
041 _aara
050 1 4 _aQA276.M85 1988
100 3 _aعلاء الدين، محمد/ م مشارك نور الدين فرحان,
_eauthor
_916761
245 0 0 _aمبادئ الاسلوب الاحصائي
264 3 1 _aالعراق:وزارة التعليم العالي والبحث العلمي, ، 1988
300 _a606ص
336 _atext
_btxt
_2rdacontent
337 _aunmediated
_bn
_2rdamedia
338 _avolume
_bnc
_2rdacarrier
650 4 _aالاحصاء-الطرق الاحصائية
_916762
999 _aA5039
_c8607
_d8607